Deutsche Fußballrivalitäten - Statistiken

Allgemein
  • Dieses Quiz wurde 258 mal gespielt
  • Das Durchschnittsergebnis liegt bei 12 aus 20
Antwortstatistiken
Verein I Verein II % Korrekt
FC Schalke 04 Borussia Dortmund
99%
Hertha BSC Union Berlin
92%
Borussia Mönchengladbach 1. FC Köln
88%
Werder Bremen Hamburger SV
84%
Bayern München TSV 1860 München
84%
Kickers Offenbach Eintracht Frankfurt
80%
1. FC Nürnberg SpVgg Greuther Fürth
75%
Hannover 96 Eintracht Braunschweig
73%
VfB Stuttgart Karlsruher SC
66%
Lokomotive Leipzig BSG Chemie Leipzig
62%
1. FC Magdeburg Dynamo Dresden
59%
Carl Zeiss Jena Rot-Weiß Erfurt
53%
Waldhof Mannheim 1. FC Kaiserslautern
51%
MSV Duisburg Rot-Weiß Essen
49%
FC 08 Homburg 1. FC Saarbrücken
44%
Viktoria Köln Fortuna Köln
43%
Arminia Bielefeld Preußen Münster
43%
Hansa Rostock FC St. Pauli
35%
Jahn Regensburg FC Ingolstadt 04
31%
VfR Aalen 1. FC Heidenheim
21%
Keine übereinstimmenden Quizze gefunden
Verteilung der Resultate
Anzahl Personen mit jedem Resultat
Perzentil nach korrekt beantworteten Fragen
Ihre Resultats-Entwicklung
Sie haben dieses Quiz noch nicht gespielt